|
|
|
|
| LEADER |
01094nam a22002777a 4500 |
| 001 |
35501 |
| 003 |
BD-DhAAL |
| 005 |
20211129144046.0 |
| 008 |
190917r20072002nyua|||| b||| 001 0 eng d |
| 999 |
|
|
|c 41292
|d 41292
|
| 020 |
|
|
|a 052167049
|
| 020 |
|
|
|a 9780521670340
|
| 040 |
|
|
|a BD-DhAAL
|
| 082 |
|
|
|a 510
|
| 100 |
|
|
|a Garrity, Thomas A.
|d 1959-
|9 34808
|
| 245 |
|
|
|a All the mathematics you missed :
|b but need to know for graduate school /
|c Thomas A. Garrity
|
| 260 |
|
|
|a Cambridge :
|b Cambridge University Press,
|c 2002[reprinted 2007]
|
| 300 |
|
|
|a xxvii, 347 pages :
|b illustrations
|c 23 cm.
|
| 504 |
|
|
|a Includes bibliographical references and index.
|
| 526 |
|
|
|a BIED
|
| 541 |
|
|
|a Complimentary copy from BIED
|e 35501
|
| 650 |
|
|
|a Mathematics.
|9 34809
|
| 650 |
|
|
|a Algebra.
|9 34810
|
| 852 |
|
|
|a Ayesha Abed Library
|c BIED Collection
|
| 942 |
|
|
|2 ddc
|c BK
|
| 952 |
|
|
|0 0
|1 0
|2 ddc
|4 0
|6 510_000000000000000_GAR
|7 0
|9 66359
|a BRACUL
|b BRACUL
|c GEN
|d 2019-09-17
|e Complimentary copy from BIED
|l 4
|m 31
|o 510 GAR
|p 3010035501
|r 2026-03-28
|s 2025-11-04
|t 1
|w 2019-09-17
|y BK
|x Transferred from BIED to General Stacks
|